1624 1144 1835 1270 1449 1442 1479 1670 1373 1984 1735 1532 1536 1604 1995 1563 1812 1145 1045 1218 1365 1757 1143 1624 1237 1692 1026 1102 1866 1815 1592 1478 1085 1049 1039 1625 1929 1248 1809 1588 1480 1017 1504 1069 1826 1230 1262 1822 1332 1478 1139 1777 1485 1140 1898 1338 1008 1885 1476 1883 1840 1719 1822 1450 1412 1527 1031 1620 1329 1810 1488 1604 1504 1008 1444 1281 1004 1385 1541 1981 1765 1505 1812 1312 1884 1366 1270 1867 1460 1755 1767 1187 1037 1597 1408 1532 1085 1969 1161 BCNSPRNW ULIB Ver.6.0+V

เปลี่ยนเป็นภาษาไทย

Change to English
 แสดงรายละเอียดบรรณานุกรม
  กลับหน้าหลัก

Brief Record : Get Marc (ISO 2709) : E-mail record : QR code < ปิดหน้าต่าง
LEADER : 00000nam 2200000uu 4500
001    13399126870
003     ULIB
008    190821s2562||||th 000 0 tha d
020    ^a9786164432680
060    ^aWB115^bร275อ
100    ^aระวีวรรณ เลิศวัฒนารักษ์ มณฑิรา มณีรัตนะพร สุรัตน์ ทองอยู่ และนัฐพล ฤทธิ์ทยมัย
245    ^aอายุรศาสตร์ทันยุค ๒๕๖๒(Update in Internal Medicine 2019)
250    ^aพิมพ์ครั้งที่ 1
260    ^aกรุงเทพฯ :^bภาควิชาอายุรศาสตร์ คณะแพทยศาสตร์ศิริราชพยาบาล,^c2562
300    ^a395 หน้า^bภาพประกอบ, ตาราง, ภาคผนวก
650    ^aอายุรศาสตร์
945    ^p400^l0^i005561
945    ^p400^l0^i005557
945    ^p400^l0^i005558
945    ^p400^l0^i005559
945    ^p400^l0^i005560
945    ^p400^l0^i006458
945    ^p400^l0^i006459
945    ^p400^l0^i006460
999    ^aประนอม เกษจรัล
รายการนี้ยังไม่มีแท็ก
คุณยังไม่ได้ล็อกอิน คุณสามารถมีกิจกรรมร่วมกับเว็บไซต์ได้ แต่ต้องล็อกอินก่อน ::
  ล็อกอิน

รายการสื่อสารสนเทศ

ลำดับที่ ประเภท เลขเรียก/บาร์โค้ด สถานที่ สถานะ
1. วิทยาศาสตร์การแพทย์ และสุขภาพ
หนังสือสำรอง
สถานะ=หนังสือสำรอง
WB115 ร275อ ฉ.1 
  Barcode: 005557
ห้องสมุดวิทยาเขตสวรรค์ประชารักษ์
►หนังสือทั่วไป
ถูกยืม กำหนดส่งวันที่ 6 มีนาคม 2567
  จอง
2. วิทยาศาสตร์การแพทย์ และสุขภาพ
วิทยาศาสตร์การแพทย์ และสุขภาพ
WB115 ร275อ ฉ.2 
  Barcode: 005558
ห้องสมุดวิทยาเขตสวรรค์ประชารักษ์
►หนังสือทั่วไป
บนชั้น
3. วิทยาศาสตร์การแพทย์ และสุขภาพ
วิทยาศาสตร์การแพทย์ และสุขภาพ
WB115 ร275อ ฉ.3 
  Barcode: 005559
ห้องสมุดวิทยาเขตสวรรค์ประชารักษ์
►หนังสือทั่วไป
บนชั้น
4. วิทยาศาสตร์การแพทย์ และสุขภาพ
วิทยาศาสตร์การแพทย์ และสุขภาพ
WB115 ร275อ ฉ.4 
  Barcode: 005560
ห้องสมุดวิทยาเขตสวรรค์ประชารักษ์
►หนังสือทั่วไป
บนชั้น
5. วิทยาศาสตร์การแพทย์ และสุขภาพ
วิทยาศาสตร์การแพทย์ และสุขภาพ
WB115 ร275อ ฉ.5 
  Barcode: 005561
ห้องสมุดวิทยาเขตสวรรค์ประชารักษ์
►หนังสือทั่วไป
บนชั้น
6. วิทยาศาสตร์การแพทย์ และสุขภาพ
วิทยาศาสตร์การแพทย์ และสุขภาพ
WB115 ร275อ ฉ.6 
  Barcode: 006458
ห้องสมุดวิทยาเขตสวรรค์ประชารักษ์
►หนังสือทั่วไป
บนชั้น
7. วิทยาศาสตร์การแพทย์ และสุขภาพ
วิทยาศาสตร์การแพทย์ และสุขภาพ
WB115 ร275อ ฉ.7 
  Barcode: 006459
ห้องสมุดวิทยาเขตสวรรค์ประชารักษ์
►หนังสือทั่วไป
บนชั้น
8. วิทยาศาสตร์การแพทย์ และสุขภาพ
วิทยาศาสตร์การแพทย์ และสุขภาพ
WB115 ร275อ ฉ.8 
  Barcode: 006460
ห้องสมุดวิทยาเขตสวรรค์ประชารักษ์
►หนังสือทั่วไป
บนชั้น

รายการใกล้เคียง
    ชื่อเรื่อง [อายุรศาสตร์ทันยุค ๒๕๖๒(Update in Internal Medicine 2019)]

    ผู้แต่ง [ระวีวรรณ เลิศวัฒนารักษ์ มณฑิรา มณีรัตนะพร สุรัตน์ ทองอยู่ และนัฐพล ฤทธิ์ทยมัย]

    หัวเรื่อง [อายุรศาสตร์]

BibComment


ยังไม่เคยถูกคอมเมนท์

คอมเมนท์ทรัพยากรรายการนี้
  คอมเมนท์: อายุรศาสตร์ทันยุ..


 Copyright 2026. Bcnsprnw @Library